[Event "Wch U12"]
[Site "Montesilvano"]
[Date "2024.11.26"]
[Round "11"]
[White "Yang, Maxwell"]
[Black "Vyas, Miransh Purven"]
[Result "0-1"]
[WhiteElo "1889"]
[BlackElo "1705"]
[PlyCount "128"]
[EventDate "2024.11.15"]
[EventType "swiss"]
[EventRounds "11"]
[EventCountry "ITA"]
[SourceTitle "CB48_2024"]
[SourceDate "2024.11.28"]
[SourceVersion "1"]
[SourceVersionDate "2024.11.28"]
[SourceQuality "1"]

1. d4 d5 2. c4 e6 3. Nc3 Nf6 4. cxd5 exd5 5. Bg5 c6 6. e3 Bd6 7. Bd3 0-0 8. Qc2 h6 9. Bh4 Re8 10. Nf3 Be6 11. Ne5 c5 12. 0-0 Nc6 13. Nxc6 bxc6 14. Bxf6 Qxf6 15. dxc5 Bxc5 16. Ne2 Bd6 17. Qxc6 Qe5 18. Ng3 Rec8 19. Qa6 h5 20. Rae1 Bd7 21. f4 Qe7 22. Qb7 h4 23. Nh5 Rab8 24. Qxd5 Rc5 25. Qf3 g6 26. f5 gxh5 27. Qxh5 Qf6 28. b3 Kf8 29. Bc4 Bb5 30. Qg4 Bxc4 31. bxc4 Rbc8 32. Rc1 Ke7 33. Qe4+ Re5 34. Qf3 Rc7 35. Kh1 Bc5 36. e4 Rd7 37. Rfd1 Rd4 38. Rxd4 Bxd4 39. Rd1 Bb6 40. Qa3+ Rc5 41. Qd3 Qc6 42. Rc1 Qd6 43. Qe3 Kd7 44. Qe2 Kc7 45. Rd1 Qe7 46. Qd3 f6 47. g3 hxg3 48. hxg3 Re5 49. Re1 Qd6 50. Qc3 Re8 51. Kg2 Qc5 52. Qb2 Re5 53. Qc2 Re8 54. Rd1 Qe5 55. Kf3 Rg8 56. Qh2 Qc3+ 57. Ke2 Qc2+ 58. Rd2 Qxe4+ 59. Kf1 Qxf5+ 60. Kg2 Qe4+ 61. Kf1 Qf3+ 62. Ke1 Re8+ 63. Re2 Ba5+ 64. Kd1 Qf1+ 0-1

[Event "Wch U12"]
[Site "Montesilvano"]
[Date "2024.11.20"]
[Round "6"]
[White "Vyas, Miransh Purven"]
[Black "Vorobyov, Radmir"]
[Result "1-0"]
[WhiteElo "1705"]
[BlackElo "2017"]
[PlyCount "99"]
[EventDate "2024.11.15"]
[EventType "swiss"]
[EventRounds "11"]
[EventCountry "ITA"]
[SourceTitle "CB48_2024"]
[SourceDate "2024.11.28"]
[SourceVersion "1"]
[SourceVersionDate "2024.11.28"]
[SourceQuality "1"]

1. d4 f5 2. Nc3 Nf6 3. Bg5 g6 4. h4 h6 5. Bxf6 exf6 6. e4 d6 7. Bd3 fxe4 8. Bxe4 f5 9. Bd3 Nc6 10. Nge2 Bg7 11. Bc4 Na5 12. Qd3 c6 13. Nf4 d5 14. Bb3 Nxb3 15. axb3 Qd6 16. Qe3+ Kf7 17. 0-0-0 Re8 18. Qf3 a5 19. Na4 Re4 20. Ne2 b5 21. Nc5 Re7 22. c3 a4 23. b4 a3 24. bxa3 Rxa3 25. Kb2 Rea7 26. Ra1 Rxa1 27. Rxa1 Rxa1 28. Kxa1 Qe7 29. g3 Bf8 30. Nd3 Qa7+ 31. Kb2 Bg7 32. Nc5 Bf8 33. Nd3 Bd6 34. Nef4 Qa4 35. Qe2 Bd7 36. h5 g5 37. Ng6 Qa8 38. Nde5+ Bxe5 39. Nxe5+ Ke7 40. Nxc6+ Kd6 41. Nb8 Be6 42. Qe5+ Ke7 43. Qc7+ Kf6 44. Qd8+ Kf7 45. Qc7+ Kf6 46. Nc6 Qe8 47. Qe5+ Kf7 48. Qd6 Kf6 49. Nd8 Qe7 50. Qe5# 1-0

[Event "Wch U12"]
[Site "Montesilvano"]
[Date "2024.11.15"]
[Round "1"]
[White "Nicot, Valentin"]
[Black "Vyas, Miransh Purven"]
[Result "1-0"]
[WhiteElo "2078"]
[BlackElo "1705"]
[PlyCount "151"]
[EventDate "2024.11.15"]
[EventType "swiss"]
[EventRounds "11"]
[EventCountry "ITA"]
[SourceTitle "CB48_2024"]
[SourceDate "2024.11.28"]
[SourceVersion "1"]
[SourceVersionDate "2024.11.28"]
[SourceQuality "1"]

1. c4 Nf6 2. Nc3 e6 3. e4 d5 4. cxd5 exd5 5. e5 d4 6. exf6 dxc3 7. dxc3 Qxf6 8. Nf3 Nc6 9. Be2 h6 10. Be3 Bd6 11. Qb3 0-0 12. 0-0 a6 13. Qc2 Bf5 14. Bd3 Bxd3 15. Qxd3 Rad8 16. Qc2 Ne5 17. Nxe5 Qxe5 18. g3 Qd5 19. Qd1 Qc6 20. Qb3 Kh8 21. Bd4 b6 22. Rad1 f5 23. Qe6 Kh7 24. Be3 Rde8 25. Qd5 Qxd5 26. Rxd5 f4 27. Bxb6 Rb8 28. Bc5 Bxc5 29. Rxc5 Rxb2 30. a4 Ra2 31. a5 Rf6 32. c4 Kg6 33. g4 f3 34. h3 Re6 35. Kh2 Re4 36. Kg3 Rc2 37. Rc6+ Kh7 38. Rxc7 Rexc4 39. Rxc4 Rxc4 40. Ra1 g5 41. Ra3 Rf4 42. Rxf3 Ra4 43. Rf5 Ra3+ 44. Kg2 Kg6 45. Rc5 Kg7 46. Rc7+ Kg8 47. Rc6 Rxa5 48. Rxh6 Kg7 49. Rb6 Ra4 50. Kg3 Ra3+ 51. f3 a5 52. Rb5 Kg6 53. Rf5 a4 54. h4 gxh4+ 55. Kxh4 Ra1 56. Ra5 a3 57. Ra6+ Kf7 58. Kg5 a2 59. f4 Ke7 60. f5 Ke8 61. Ra7 Kd8 62. f6 Ke8 63. Kg6 Rg1 64. f7+ Kf8 65. Ra8+ Ke7 66. f8Q+ Kd7 67. Qd8+ Ke6 68. Qb6+ Ke5 69. Qxg1 a1Q 70. Qxa1+ Ke4 71. Qd1 Kf4 72. Qf1+ Kxg4 73. Ra4+ Kg3 74. Qd3+ Kf2 75. Ra2+ Ke1 76. Qb1# 1-0

[Event "Dulles Skyline op 3rd"]
[Site "Dulles"]
[Date "2024.10.14"]
[Round "9"]
[White "Bupeshnath, Arjun"]
[Black "Vyas, Miransh Purven"]
[Result "1-0"]
[WhiteElo "1810"]
[BlackElo "1691"]
[PlyCount "85"]
[EventDate "2024.10.10"]
[EventType "swiss"]
[EventRounds "9"]
[EventCountry "USA"]
[SourceTitle "CB43_2024"]
[Source "Chessbase"]
[SourceDate "2024.10.23"]
[SourceVersion "1"]
[SourceVersionDate "2024.10.23"]
[SourceQuality "1"]

1. e4 c6 2. d4 d5 3. exd5 cxd5 4. Bd3 Nc6 5. c3 Nf6 6. Bf4 Bg4 7. Qb3 Qd7 8. Nd2 e6 9. Ngf3 Bd6 10. Bxd6 Qxd6 11. 0-0 0-0 12. Rfe1 Bxf3 13. Nxf3 Qc7 14. g3 a6 15. a4 Rab8 16. Qc2 Rfc8 17. Qe2 Nd7 18. Kg2 h6 19. Nd2 Qd6 20. f4 Re8 21. Nf3 f6 22. Nh4 Nf8 23. Rad1 Re7 24. Qh5 b5 25. axb5 axb5 26. Ng6 Nxg6 27. Qxg6 Kf8 28. b4 Nd8 29. Re3 Nf7 30. Rde1 Rb6 31. Bf5 Qd7 32. Bg4 Rc6 33. Qd3 Rd6 34. Qe2 Nd8 35. f5 Kf7 36. h4 g6 37. h5 g5 38. Qd3 Qe8 39. fxe6+ Kg7 40. Qf5 Nc6 41. Rf1 Qf8 42. Qg6+ Kh8 43. Rf2 1-0

[Event "Dulles Skyline op 3rd"]
[Site "Dulles"]
[Date "2024.10.13"]
[Round "7"]
[White "Pramanik, Aayansh"]
[Black "Vyas, Miransh Purven"]
[Result "0-1"]
[WhiteElo "1745"]
[BlackElo "1691"]
[PlyCount "72"]
[EventDate "2024.10.10"]
[EventType "swiss"]
[EventRounds "9"]
[EventCountry "USA"]
[SourceTitle "CB43_2024"]
[Source "Chessbase"]
[SourceDate "2024.10.23"]
[SourceVersion "1"]
[SourceVersionDate "2024.10.23"]
[SourceQuality "1"]

1. e4 c6 2. d4 d5 3. exd5 cxd5 4. Bd3 Nc6 5. c3 Nf6 6. Bf4 Bg4 7. Qb3 Qd7 8. Nd2 e6 9. Ngf3 Bd6 10. Ne5 Qc7 11. 0-0 0-0 12. h3 Bh5 13. Rfe1 Rfc8 14. Bh2 Bg6 15. Bxg6 hxg6 16. Rac1 a6 17. Qd1 b5 18. a3 Bxe5 19. Bxe5 Nxe5 20. dxe5 Nd7 21. Nf3 a5 22. Qd2 Nc5 23. Nd4 Qb6 24. Kh2 Rc7 25. f3 Rac8 26. g4 Na4 27. Rc2 b4 28. cxb4 Rxc2 29. Nxc2 Nxb2 30. bxa5 Qc5 31. Nb4 Nc4 32. Qa2 Nxa3 33. Ra1 Qxb4 34. Qxa3 Qf4+ 35. Kg2 Rc2+ 36. Kf1 Qd2 0-1